|
|
|
|
| LEADER |
00000cam a2200000 7i4500 |
| 001 |
0000126037 |
| 005 |
20180522.0 |
| 008 |
180326s2010 sina i0 eng |
| 020 |
|
|
|a 9789814328333
|
| 040 |
|
|
|a PERPUSTAM
|b eng
|c PERPUSTAM
|e rda
|
| 090 |
0 |
0 |
|a 320.9595
|b MAR
|
| 245 |
0 |
0 |
|a MARCH 8 :
|b TIME FOR REAL CHANGE
|c Kee Thuan Chye and Fellow Malaysians
|
| 246 |
1 |
|
|a March eight
|
| 264 |
3 |
1 |
|a Singapore :
|b Marshall Cavendish Editions
|c 2010
|
| 300 |
|
|
|a 363 pages :
|b illustrations ;
|c 22 cm.
|
| 336 |
|
|
|a text, rdacontent
|
| 337 |
|
|
|a unmediated
|2 rdamedia
|
| 338 |
|
|
|a volume
|2 rdacarrier
|
| 500 |
|
|
|a "First published in 2008 by Marshall Cavendish Editions"--T.p.
|
| 650 |
1 |
0 |
|a Elections
|z Malaysia
|
| 650 |
2 |
0 |
|a Malaysia
|x Politics and government
|y 21st century
|
| 999 |
|
|
|a 0000482473
|b Buku
|c Rak Terbuka
|e Perbadanan Perpustakaan Awam Melaka
|